Cinéma en images par lettres - R - Statistiques

Statistiques générales
  • Ce quiz a été pris 250 fois
  • Le résultat moyen est 14 sur 24
Statistiques - réponses
Par images Hint Réponse % Correct
Personnage Rocky
98%
Film Ratatouille
97%
Personnage Robin des bois
96%
Acteur Jean Reno
92%
Métier Réalisateur
91%
Franchise Retour vers le futur
87%
Acteur Keanu Reeves
84%
Actrice Julia Roberts
82%
Actrice Margot Robbie
82%
Acteur Jean-Paul Rouve
80%
Film RRRrrrr!!!
79%
Film The Revenant
77%
Actrice Line Renaud
67%
Film Ready Player One
58%
Technique Ralenti
49%
Film Reservoir Dogs
48%
Acteur Robert Redford
42%
Type de film Remake
41%
Film Les Ripoux
33%
Doubleur Donald Reignoux
31%
Film Rashômon
13%
Réalisateur Alain Resnais
9%
Réalisateur Sam Raimi
6%
Studio RKO Pictures
5%
Aucun quiz correspondant
Distribution des résultats
% des personnes avec chaque résultat
Percentile par nombre de réponses
Votre historique - résultats
Vous n’avez pas pris ce quiz